[Event "Lueneburg distr-chA"]
[Site "Winsen/Luhe"]
[Date "2011.10.20"]
[Round "8.5"]
[White "Cuno, Thomas"]
[Black "Vogt, Marc Jonas"]
[Result "1-0"]
[WhiteElo "2101"]
[BlackElo "1783"]
[PlyCount "53"]
[EventDate "2011.10.??"]
[EventType "swiss"]
[EventRounds "9"]
[EventCountry "GER"]
[SourceTitle "EXT 2013"]
[Source "ChessBase"]
[SourceDate "2012.11.22"]
[SourceVersion "1"]
[SourceVersionDate "2012.11.22"]
[SourceQuality "1"]

1. d4 d5 2. Nf3 Nf6 3. Bf4 c5 4. c3 Nc6 5. e3 Bg4 6. Qb3 Qb6 7. dxc5 Qxb3 8. axb3 Bxf3 9. gxf3 e5 10. Bg3 Bxc5 11. b4 Bd6 12. Na3 a6 13. Nb5 Kd7 14. Nxd6 Kxd6 15. h3 Nh5 16. Bh2 b5 17. Be2 Nf6 18. 0-0 Ke6 19. Ra2 Ra7 20. Rfa1 Rha8 21. f4 Ne4 22. fxe5 Nxe5 23. Bxe5 Kxe5 24. Bxb5 Rb8 25. Bd3 Rb6 26. f4+ Ke6 27. Rxa6 1-0

[Event "Lueneburg distr-chA"]
[Site "Winsen/Luhe"]
[Date "2011.10.16"]
[Round "2.3"]
[White "Cuno, Thomas"]
[Black "Urbanek, Paul Gerhard"]
[Result "0-1"]
[WhiteElo "2101"]
[BlackElo "2013"]
[PlyCount "118"]
[EventDate "2011.10.??"]
[EventType "swiss"]
[EventRounds "9"]
[EventCountry "GER"]
[SourceTitle "EXT 2013"]
[Source "ChessBase"]
[SourceDate "2012.11.22"]
[SourceVersion "1"]
[SourceVersionDate "2012.11.22"]
[SourceQuality "1"]

1. d4 Nf6 2. Nf3 g6 3. Bf4 Bg7 4. h3 d6 5. e3 c6 6. c3 Qb6 7. Qb3 Qxb3 8. axb3 a6 9. b4 Bf5 10. Nbd2 0-0 11. Be2 h6 12. g4 Be4 13. Nxe4 Nxe4 14. Bd3 Nf6 15. e4 Nbd7 16. 0-0-0 b5 17. e5 Nd5 18. Bg3 dxe5 19. dxe5 e6 20. Be4 N7b6 21. Nd4 Rfc8 22. Nb3 Nc4 23. f4 a5 24. bxa5 Nxa5 25. Bxd5 cxd5 26. Kc2 Bf8 27. Nxa5 Rxa5 28. Ra1 Rxa1 29. Rxa1 b4 30. Bf2 bxc3 31. bxc3 Bc5 32. Bxc5 Rxc5 33. Ra4 Kg7 34. Kd3 Rb5 35. Kc2 Rc5 36. h4 Rc7 37. Rd4 Ra7 38. Kb2 Rb7+ 39. Kc2 Rb5 40. Ra4 Rc5 41. h5 Rc7 42. Kd3 Rb7 43. hxg6 Kxg6 44. Ra6 Re7 45. Rc6 h5 46. f5+ Kg5 47. fxe6 Rxe6 48. Rxe6 fxe6 49. gxh5 Kxh5 50. Kd4 Kg5 51. Kc5 Kf4 52. Kd4 Kf5 53. c4 dxc4 54. Kxc4 Kxe5 55. Kd3 Kf4 56. Ke2 Ke4 57. Kd1 Ke3 58. Ke1 e5 59. Kd1 Kf2 0-1

[Event "Lueneburg distr-chA"]
[Site "Winsen/Luhe"]
[Date "2011.10.15"]
[Round "1.4"]
[White "Schwarz, Nico"]
[Black "Cuno, Thomas"]
[Result "0-1"]
[WhiteElo "1809"]
[BlackElo "2101"]
[PlyCount "96"]
[EventDate "2011.10.??"]
[EventType "swiss"]
[EventRounds "9"]
[EventCountry "GER"]
[SourceTitle "EXT 2013"]
[Source "ChessBase"]
[SourceDate "2012.11.22"]
[SourceVersion "1"]
[SourceVersionDate "2012.11.22"]
[SourceQuality "1"]

1. e4 c6 2. d4 d5 3. exd5 cxd5 4. c4 Nf6 5. Nc3 Nc6 6. Bg5 e6 7. cxd5 exd5 8. Bxf6 gxf6 9. Nf3 Be6 10. Bd3 Bd6 11. Qe2 Ne7 12. Bb5+ Kf8 13. Bd3 Ng6 14. g3 Bh3 15. 0-0-0 Qa5 16. Nd2 Rc8 17. Nb3 Qd8 18. Kb1 Bb4 19. Rc1 Kg7 20. Qh5 Bxc3 21. Qxh3 Bb4 22. Rxc8 Qxc8 23. Qxc8 Rxc8 24. a3 Bd6 25. Rc1 Re8 26. Kc2 Nf8 27. Kd2 Ne6 28. Bb5 Rd8 29. f4 h5 30. Ke3 h4 31. Nc5 Bxc5 32. dxc5 hxg3 33. hxg3 Rh8 34. b4 Rh3 35. Kf2 Rh2+ 36. Ke3 Rg2 37. f5 Nc7 38. Kf3 Ra2 39. a4 Rb2 40. c6 Rb3+ 41. Kf2 b6 42. Be2 Rxb4 43. Bd1 Kh6 44. Rc3 Kg5 45. Bc2 d4 46. Rd3 Rb2 47. Rd2 d3 48. Bxd3 Rxd2+ 0-1

[Event "Lueneburg distr-chA"]
[Site "Buxtehude"]
[Date "2005.10.21"]
[Round "9"]
[White "Reinkemeier, Tobias"]
[Black "Cuno, Thomas"]
[Result "1/2-1/2"]
[WhiteElo "2061"]
[BlackElo "1980"]
[PlyCount "23"]
[EventDate "2005.10.15"]
[EventType "tourn"]
[EventRounds "9"]
[EventCountry "GER"]
[SourceTitle "EXT 2008"]
[Source "ChessBase"]
[SourceDate "2007.11.25"]
[SourceVersion "1"]
[SourceVersionDate "2007.11.25"]
[SourceQuality "1"]

1. e4 c6 2. d4 d5 3. Nd2 dxe4 4. Nxe4 Nf6 5. Nxf6+ gxf6 6. Nf3 Bg4 7. Be2 Qc7 8. Be3 e6 9. Qd2 Nd7 10. 0-0-0 0-0-0 11. Kb1 Nb6 12. h3 1/2-1/2

[Event "Lueneburg distr-chA"]
[Site "Buxtehude"]
[Date "2005.10.19"]
[Round "7"]
[White "Kurzynsky, Mirko"]
[Black "Cuno, Thomas"]
[Result "0-1"]
[WhiteElo "1953"]
[BlackElo "1980"]
[PlyCount "66"]
[EventDate "2005.10.15"]
[EventType "tourn"]
[EventRounds "9"]
[EventCountry "GER"]
[SourceTitle "EXT 2008"]
[Source "ChessBase"]
[SourceDate "2007.11.25"]
[SourceVersion "1"]
[SourceVersionDate "2007.11.25"]
[SourceQuality "1"]

1. e4 c6 2. d4 d5 3. Nc3 dxe4 4. Nxe4 Nf6 5. Ng5 e6 6. N1f3 Nbd7 7. Bc4 h6 8. Nh3 g5 9. Nfg1 Bd6 10. Ne2 Qc7 11. Qd3 a5 12. a4 Nb6 13. Bb3 Nbd5 14. c4 Nb4 15. Qf3 Be7 16. Nhg1 b6 17. Bd2 Bb7 18. Nc3 0-0-0 19. Nge2 c5 20. Qe3 cxd4 21. Nxd4 Ng4 22. Qe2 Qe5 23. Qxe5 Nxe5 24. Ncb5 Bxg2 25. Ke2 Bxh1 26. Rxh1 Nec6 27. Bc3 Rhe8 28. Rd1 Nxd4+ 29. Bxd4 Kb7 30. Rg1 f6 31. f4 Bc5 32. Be3 Bxe3 33. Kxe3 Rd3+ 0-1

[Event "Lueneburg distr-chA"]
[Site "Buxtehude"]
[Date "2005.10.16"]
[Round "2"]
[White "Wiegmann, Sascha"]
[Black "Cuno, Thomas"]
[Result "1/2-1/2"]
[WhiteElo "2139"]
[BlackElo "1980"]
[PlyCount "80"]
[EventDate "2005.10.15"]
[EventType "tourn"]
[EventRounds "9"]
[EventCountry "GER"]
[SourceTitle "EXT 2008"]
[Source "ChessBase"]
[SourceDate "2007.11.25"]
[SourceVersion "1"]
[SourceVersionDate "2007.11.25"]
[SourceQuality "1"]

1. e4 c6 2. d4 d5 3. Nc3 dxe4 4. Nxe4 Nf6 5. Nxf6+ gxf6 6. Nf3 Bg4 7. Be2 Qc7 8. h3 Bh5 9. Be3 e6 10. Qd2 Nd7 11. 0-0-0 0-0-0 12. g4 Bg6 13. Nh4 e5 14. Nxg6 hxg6 15. Qc3 Bh6 16. Bxh6 Rxh6 17. dxe5 Qxe5 18. Qxe5 Nxe5 19. Rxd8+ Kxd8 20. f4 Nd7 21. h4 Ke7 22. Kd2 Kf8 23. Ke3 Kg7 24. Kf3 Rh8 25. Kg3 Re8 26. Bf3 Re7 27. Rd1 Nb6 28. Rd4 Rc7 29. Kf2 Re7 30. Kg3 Rc7 31. b3 Nd7 32. Ra4 a6 33. Rd4 Nf8 34. c3 Ne6 35. Rd6 Nc5 36. Rd4 Ne6 37. Rd1 Nc5 38. Kf2 Re7 39. Rd2 Ne6 40. Kg3 Nc5 1/2-1/2

[Event "Lueneburg distr-chA"]
[Site "Buxtehude"]
[Date "2005.10.15"]
[Round "1"]
[White "Cuno, Thomas"]
[Black "Jordan, Juergen"]
[Result "1/2-1/2"]
[WhiteElo "1980"]
[BlackElo "2073"]
[PlyCount "50"]
[EventDate "2005.10.15"]
[EventType "tourn"]
[EventRounds "9"]
[EventCountry "GER"]
[SourceTitle "EXT 2008"]
[Source "ChessBase"]
[SourceDate "2007.11.25"]
[SourceVersion "1"]
[SourceVersionDate "2007.11.25"]
[SourceQuality "1"]

1. d4 Nf6 2. Nf3 g6 3. Bf4 Bg7 4. h3 0-0 5. e3 b6 6. Nbd2 Bb7 7. Be2 c5 8. c3 cxd4 9. exd4 d6 10. 0-0 Nbd7 11. Re1 a6 12. a4 Bc6 13. Bh2 b5 14. axb5 axb5 15. Qc2 Qb6 16. Bd3 Rxa1 17. Rxa1 Qb7 18. b3 Bh6 19. Bf1 Rc8 20. Re1 Nb6 21. c4 Kf8 22. Qb2 bxc4 23. bxc4 Bxf3 24. Nxf3 Qc6 25. Nd2 Nbd7 1/2-1/2

[Event "Playchess Grand Prix T1 44th"]
[Site "Playchess.com INT"]
[Date "2005.06.29"]
[Round "1"]
[White "Cuno, Thomas"]
[Black "Orlov, Andrey"]
[Result "0-1"]
[WhiteElo "2002"]
[BlackElo "2403"]
[PlyCount "88"]
[EventDate "2005.06.29"]
[EventType "swiss (blitz)"]
[EventRounds "7"]
[EventCountry "GER"]
[SourceTitle "EXT 2008"]
[Source "ChessBase"]
[SourceDate "2007.11.25"]
[SourceVersion "1"]
[SourceVersionDate "2007.11.25"]
[SourceQuality "1"]

1. d4 d6 2. Nf3 Nf6 3. Bf4 Bg4 4. e3 c6 5. c3 Nbd7 6. Nbd2 g6 7. Be2 Bg7 8. h3 Bxf3 9. Bxf3 0-0 10. 0-0 e5 11. dxe5 dxe5 12. Bh2 Qe7 13. Qc2 Rfe8 14. Rfd1 Nc5 15. Nc4 e4 16. Be2 Nfd7 17. b4 Ne6 18. Nd6 Red8 19. Nxb7 Rf8 20. Bd6 Qg5 21. Bxf8 Ndxf8 22. Nd6 f5 23. Bc4 Qe7 24. Qb3 Be5 25. Bxe6+ Nxe6 26. Nc4 Bf6 27. Na5 Rc8 28. Rd2 Kg7 29. Rad1 Nf8 30. Rd6 c5 31. Rc6 Rd8 32. Rxd8 Qxd8 33. Rxc5 Qd2 34. Qd5 Qe1+ 35. Kh2 Qxf2 36. Nc6 Qxe3 37. Nd4 Qf4+ 38. Kg1 Qc1+ 39. Kh2 Qf4+ 40. Kg1 Be5 41. Ne6+ Nxe6 42. Qxe6 Qc1+ 43. Kf2 Qd2+ 44. Kg1 Qe1# 0-1

[Event "CFriend AT-2004-0-00149 email"]
[Site "Chessfriend.com"]
[Date "2004.10.03"]
[Round "1"]
[White "Alvarez, Roberto Gabriel"]
[Black "Cuno, Thomas"]
[Result "1/2-1/2"]
[WhiteElo "2530"]
[BlackElo "2523"]
[PlyCount "66"]
[EventDate "2004.??.??"]
[EventType "tourn (corr)"]
[EventRounds "2"]
[SourceTitle "Corr 2024"]
[Source "ChessBase"]
[SourceDate "2023.10.19"]
[SourceVersion "1"]
[SourceVersionDate "2023.10.19"]
[SourceQuality "1"]

1. Nf3 Nf6 2. c4 g6 3. Nc3 d5 4. Qa4+ Bd7 5. Qb3 dxc4 6. Qxc4 Nc6 7. d4 Bg7 8. e4 0-0 9. Be2 a6 10. d5 b5 11. Qc5 Na5 12. e5 Ng4 13. Bf4 Nb7 14. Qd4 f6 15. e6 f5 16. Qd2 Be8 17. 0-0 c5 18. d6 Nxd6 19. Rad1 Bc6 20. Bxd6 Qxd6 21. Qxd6 exd6 22. Rxd6 Rfc8 23. Rfd1 Kf8 24. h3 Ne5 25. Nd5 Nxf3+ 26. Bxf3 Be5 27. e7+ Kf7 28. Rxc6 Rxc6 29. Nf4 Rd6 30. Rxd6 Bxd6 31. Bxa8 Bxf4 32. Bb7 b4 33. Bxa6 Bc1 1/2-1/2